Desarrollo de una política arrocera: 1950-1980/
Kaydedildi:
| Yazar: | |
|---|---|
| Materyal Türü: | Kitap |
| Dil: | Spanish |
| Konular: | |
| Etiketler: |
Etiketle
Etiket eklenmemiş, İlk siz ekleyin!
|
MARC
| LEADER | 00000nam a22000007a 4500 | ||
|---|---|---|---|
| 003 | cru CIDCACS/IIS | ||
| 005 | 20231019145955.0 | ||
| 008 | 200730n pn |||p|r||||||0| ||spa|d | ||
| 040 | |c cru CIDCACS/IIS | ||
| 100 | 1 | |a Gandásegui, Marco A., |c hijo |d 1943-2020 |9 320 | |
| 245 | 1 | |a Desarrollo de una política arrocera: |b 1950-1980/ |c Marco A. Gandásegui H. | |
| 300 | |a 8 páginas | ||
| 650 | 0 | |a POLITICAS DE DESARROLLO |9 3369 | |
| 650 | 0 | |9 4539 |a ARROZ | |
| 651 | 0 | |9 353 |a PANAMA | |
| 773 | 0 | |0 43279 |9 6286 |a Universidad de Panamá. |d Panamá: Universidad de Panamá. Instituto de Estudios Nacionales |o 21670 |t Documentos de lineamientos para un programa mínimo de urgenica/ | |
| 942 | |2 ddc |c PP | ||
| 999 | |c 43280 |d 43280 | ||
